Ježegodnik Boľšoj sovetskoj enciklopedii. 1984 : Vyp. 28

Gespeichert in:
Bibliographische Detailangaben
Format: Buch
Sprache:Russisch
Veröffentlicht: Moskva : Sovetskaja enciklopedija, 1984
Ausgabe:1. vyd.
Tags: Tag hinzufügen
Keine Tags, Fügen Sie das erste Tag hinzu!

MARC

LEADER 00000nam a22000003a 4500
001 stu9803
005 20141122094314.6
008 970529s1984----xxr-----------------rus-d
040 |a STU  |b slo 
041 0 |a rus 
044 |a xxr 
080 |a 03(47)"1984" 
245 |a Ježegodnik Boľšoj sovetskoj enciklopedii. 1984 :  |b Vyp. 28 
250 |a 1. vyd. 
260 |a Moskva :  |b Sovetskaja enciklopedija,  |c 1984 
300 |a 481 s 
996 |c V*29561/O-11735  |l VV7  |s P  |a 0  |w stu9803_0002